[Event "Reykjavik op"]
[Site "Reykjavik"]
[Date "2024.03.21"]
[Round "9"]
[White "Hennig, Konrad"]
[Black "Wedenberg, Oliver"]
[Result "1/2-1/2"]
[WhiteElo "1946"]
[BlackElo "1780"]
[PlyCount "100"]
[EventDate "2024.03.15"]
[EventType "swiss"]
[EventRounds "9"]
[EventCountry "ISL"]
[SourceTitle "CB13_2024"]
[SourceDate "2024.03.27"]
[SourceVersion "1"]
[SourceVersionDate "2024.03.27"]
[SourceQuality "1"]

1. d4 Nf6 2. Nf3 c5 3. d5 e6 4. Nc3 exd5 5. Bg5 d4 6. Bxf6 Qxf6 7. Nd5 Qd8 8. e4 dxe3 9. Bc4 d6 10. 0-0 exf2+ 11. Rxf2 Be7 12. Nxe7 Qxe7 13. Bxf7+ Kd8 14. Bc4 Kc7 15. Qd5 Nc6 16. Re1 Qd8 17. Ng5 Rf8 18. Nf7 Qd7 19. c3 b5 20. Bxb5 Bb7 21. Qh5 Rae8 22. Rxe8 Qxe8 23. Qe2 Qxe2 24. Bxe2 Re8 25. Ng5 h6 26. Nf3 d5 27. Bb5 Kd6 28. Nh4 Re1+ 29. Rf1 Rxf1+ 30. Kxf1 Ke5 31. Ke2 Kf4 32. g3+ Kg4 33. Kf2 Ne5 34. Be2+ Kg5 35. Nf3+ Kf5 36. Nxe5 Kxe5 37. Bf3 Ba6 38. Ke3 Bb7 39. Kd2 Bc8 40. Ke3 Be6 41. a3 c4 42. Bd1 Bd7 43. b4 cxb3 44. Bxb3 Bb5 45. Bc2 Bc6 46. Bd3 Bb7 47. Bb5 Ba8 48. Be8 Bb7 49. Bd7 Kd6 50. Be8 Ke5 1/2-1/2

[Event "Reykjavik op"]
[Site "Reykjavik"]
[Date "2024.03.19"]
[Round "7"]
[White "Hennig, Konrad"]
[Black "Atharva, M Parulekar"]
[Result "0-1"]
[WhiteElo "1946"]
[BlackElo "1580"]
[PlyCount "97"]
[EventDate "2024.03.15"]
[EventType "swiss"]
[EventRounds "9"]
[EventCountry "ISL"]
[SourceTitle "CB13_2024"]
[SourceDate "2024.03.27"]
[SourceVersion "1"]
[SourceVersionDate "2024.03.27"]
[SourceQuality "1"]

1. d4 d5 2. Nf3 Nf6 3. c4 e6 4. Nc3 Nbd7 5. Bf4 c6 6. Qb3 Qb6 7. c5 Qxb3 8. axb3 Be7 9. b4 Nf8 10. b5 Ng6 11. Bg3 Bd7 12. bxc6 bxc6 13. h3 Ne4 14. Nxe4 dxe4 15. Nd2 f5 16. e3 e5 17. dxe5 Bxc5 18. Ba6 0-0 19. 0-0 Rae8 20. Nc4 f4 21. exf4 Nxf4 22. Rae1 Nd3 23. Rxe4 Bf5 24. Nd2 Nb4 25. Bc4+ Kh8 26. Re2 Nc2 27. Ne4 Nd4 28. Nxc5 Nxe2+ 29. Bxe2 Rd8 30. Rd1 Rxd1+ 31. Bxd1 Rb8 32. b3 Rb5 33. Na4 Be6 34. Bf3 c5 35. Be2 Ra5 36. Nxc5 Rxc5 37. b4 Rc2 38. Ba6 Rb2 39. b5 Kg8 40. f4 Bd5 41. Bf2 g6 42. g4 Rb1+ 43. Kh2 Rb2 44. Kg3 Rb3+ 45. Kh2 Rb2 46. Kg3 Rb3+ 47. Kh4 h6 48. Bxa7 Bg2 49. g5 0-1

[Event "Reykjavik op"]
[Site "Reykjavik"]
[Date "2024.03.18"]
[Round "5"]
[White "Hennig, Konrad"]
[Black "Schliebener, Stephan"]
[Result "0-1"]
[WhiteElo "1946"]
[BlackElo "2088"]
[PlyCount "50"]
[EventDate "2024.03.15"]
[EventType "swiss"]
[EventRounds "9"]
[EventCountry "ISL"]
[SourceTitle "CB13_2024"]
[SourceDate "2024.03.27"]
[SourceVersion "1"]
[SourceVersionDate "2024.03.27"]
[SourceQuality "1"]

1. d4 Nf6 2. Nf3 c5 3. d5 e6 4. Bg5 Qa5+ 5. c3 Nxd5 6. e4 h6 7. exd5 hxg5 8. Nxg5 Be7 9. Nf3 d6 10. Na3 e5 11. Nc4 Qd8 12. a4 b6 13. Nfd2 Nd7 14. Be2 Nf6 15. Bf3 a6 16. Qe2 Bb7 17. 0-0-0 Qc7 18. Nxe5 dxe5 19. d6 Bxd6 20. Nc4 Be7 21. Nd6+ Bxd6 22. Rxd6 Qxd6 23. Bxb7 Rd8 24. f4 e4 25. Qxa6 Kf8 0-1

[Event "Reykjavik op"]
[Site "Reykjavik"]
[Date "2024.03.16"]
[Round "3"]
[White "Hennig, Konrad"]
[Black "Duong, Thanh Nha"]
[Result "0-1"]
[WhiteElo "1946"]
[BlackElo "2144"]
[PlyCount "70"]
[EventDate "2024.03.15"]
[EventType "swiss"]
[EventRounds "9"]
[EventCountry "ISL"]
[SourceTitle "CB13_2024"]
[SourceDate "2024.03.27"]
[SourceVersion "1"]
[SourceVersionDate "2024.03.27"]
[SourceQuality "1"]

1. d4 Nf6 2. Nf3 e6 3. Bg5 c5 4. d5 Qa5+ 5. Nbd2 Nxd5 6. e4 Nf6 7. e5 Ne4 8. Bd3 Nxg5 9. Nxg5 c4 10. Be2 Qxe5 11. Ngf3 Qxb2 12. 0-0 d5 13. Bxc4 dxc4 14. Nxc4 Qb4 15. Qd3 Be7 16. Rab1 Qc5 17. Rb5 Qc7 18. Nfe5 0-0 19. f4 Nd7 20. Rf3 Nf6 21. Rh3 Rd8 22. Qf3 Bc5+ 23. Kf1 a6 24. Rb3 b5 25. Qxa8 Bb7 26. Qxd8+ Qxd8 27. Rhd3 Qa8 28. Nd6 Bxg2+ 29. Ke1 Bxd6 30. Rxd6 g6 31. Re3 Kg7 32. c4 bxc4 33. Nxc4 Qc8 34. Nd2 Qc1+ 35. Kf2 Nd5 0-1

[Event "Reykjavik op"]
[Site "Reykjavik"]
[Date "2024.03.15"]
[Round "1"]
[White "Hennig, Konrad"]
[Black "Stenzel, Thomas"]
[Result "1-0"]
[WhiteElo "1946"]
[BlackElo "2175"]
[PlyCount "185"]
[EventDate "2024.03.15"]
[EventType "swiss"]
[EventRounds "9"]
[EventCountry "ISL"]
[SourceTitle "CB13_2024"]
[SourceDate "2024.03.27"]
[SourceVersion "1"]
[SourceVersionDate "2024.03.27"]
[SourceQuality "1"]

1. e4 e6 2. d4 d5 3. Nc3 Nc6 4. e5 f6 5. Bb5 Bd7 6. Nf3 Qe7 7. Bf4 0-0-0 8. Bxc6 Bxc6 9. Rb1 Qf7 10. b4 b6 11. a4 Ne7 12. a5 b5 13. a6 h5 14. h4 Kd7 15. Qe2 Rb8 16. 0-0 Kd8 17. Rfe1 Bd7 18. Nd2 Rb6 19. Nb3 Ng6 20. Bg3 Bxb4 21. Qd3 Ne7 22. exf6 gxf6 23. Nc5 Nc6 24. Nxb5 e5 25. c3 Bxc5 26. dxc5 Rb8 27. Red1 Kc8 28. Qxd5 Qxd5 29. Rxd5 Rxb5 30. Rxb5 Ne7 31. Rxd7 Kxd7 32. f4 Rg8 33. fxe5 Rxg3 34. exf6 Ng6 35. c6+ Kxc6 36. Rxh5 Nf4 37. Rg5 Rxc3 38. f7 Rc1+ 39. Kh2 Ne6 40. Rg6 Rf1 41. Rxe6+ Kd7 42. Re8 Rxf7 43. Ra8 Kc6 44. Rxa7 Kb6 45. Rb7+ Kxa6 46. Rb2 c5 47. Rb1 Ka5 48. g4 c4 49. g5 c3 50. Kg3 Ka4 51. g6 Rd7 52. h5 c2 53. Rc1 Kb3 54. Kg4 Rd1 55. Rxc2 Kxc2 56. h6 Kd3 57. Kf5 Rf1+ 58. Ke6 Ke4 59. g7 Rh1 60. g8Q Rxh6+ 61. Kd7 Rf6 62. Qg5 Rf5 63. Qg2+ Kd4 64. Ke6 Rb5 65. Qf2+ Kc4 66. Kd6 Rd5+ 67. Kc6 Rd3 68. Qc5+ Kb3 69. Kb5 Rc3 70. Qf2 Rd3 71. Qg2 Kc3 72. Qg7+ Kb3 73. Qe5 Rc3 74. Qd4 Kc2 75. Kb4 Rd3 76. Qf2+ Rd2 77. Qf5+ Kb2 78. Qe4 Ka2 79. Qc4+ Kb1 80. Kb3 Rb2+ 81. Ka3 Rd2 82. Qe4+ Kc1 83. Kb3 Rd3+ 84. Kc4 Ra3 85. Qg2 Kb1 86. Kb4 Ra2 87. Qf1+ Kb2 88. Qe2+ Kb1 89. Qd1+ Kb2 90. Kc4 Ra3 91. Kb4 Ra1 92. Qd2+ Kb1 93. Kb3 1-0